[Event "XXXIV Open Internacional de Barbera del Valles - G
[Site "Barbera del Valles (Spain)"]
[Date "2011.07.08"]
[Round "5"]
[Board "1"]
[White "CANAL OLIVERAS, Joan"]
[Black "CASTRO EXPOSITO, Cristobal"]
[Result "1-0"]
[WhiteElo "2247"]
[BlackElo "2084"]
[PlyCount "91"]
[EventDate "2011.07.04"]
[EventRounds "9"]
[EventCountry "ESP"]

1.e4 e6 2.d4 d5 3.Nc3 dxe4 4.Nxe4 Nd7 5.Nf3 Ngf6 6.Bd3 Be7 7.Qe2 O-O 8.Bg5 c5
9.h4 cxd4 10.Nxd4 Ne5 11.O-O-O Nxe4 12.Bxe4 Bxg5+ 13.hxg5 Qxg5+ 14.Kb1 f5
15.Bxf5 exf5 16.Qxe5 Qf6 17.Qh2 h6 18.Nb5 Be6 19.Rhe1 Rad8 20.Rxd8 Rxd8 21.Qc7
a6 22.Nc3 Rd7 23.Qb8+ Kh7 24.f4 Qd4 25.a3 Qf2 26.Qe5 Re7 27.b3 Re8 28.Rd1 Bf7
29.Qc7 Be6 30.Qxb7 Rc8 31.Qb4 Qxg2 32.Rd6 Bg8 33.Kb2 h5 34.Qa5 Qh3 35.Rd3 Qg4
36.Qxa6 Rb8 37.Qd6 Ra8 38.Nd1 Re8 39.Ne3 Qh3 40.Nc4 Qh4 41.Ne5 Re6 42.Qb4 Qf6
43.Rd7 h4 44.Qc3 Kh6 45.Qc8 Bh7 46.Rf7 1-0

[Event "XXXIV Open Internacional de Barbera del Valles - G
[Site "Barbera del Valles (Spain)"]
[Date "2011.07.08"]
[Round "5"]
[Board "1"]
[White "VILARNOVO CAAMANO, Jose"]
[Black "ALBERTO, Manuel"]
[Result "1-0"]
[WhiteElo "2061"]
[BlackElo "2218"]
[PlyCount "91"]
[EventDate "2011.07.04"]
[EventRounds "9"]
[EventCountry "ESP"]

1.e4 c5 2.Nf3 d6 3.d4 cxd4 4.Nxd4 Nf6 5.Nc3 a6 6.Be2 b5 7.a4 b4 8.Nd5 e6 9.Nxf6+
gxf6 10.Bf3 Ra7 11.Be3 Rd7 12.Bh5 Qe7 13.Qd2 d5 14.exd5 Rxd5 15.Bf3 Rd8 16.Qe2
Bb7 17.O-O-O Bxf3 18.Qxf3 Rc8 19.Rd2 h5 20.Rhd1 Bg7 21.Qg3 Bf8 22.Bf4 h4 23.Qf3
e5 24.Nf5 Qe6 25.Qd3 Nc6 26.Be3 b3 27.Bb6 Bh6 28.Kb1 Kf8 29.Qd8+ Nxd8 30.Rxd8+
Qe8 31.Rxc8 Qxc8 32.Bc5+ Kg8 33.Ne7+ Kh7 34.Nxc8 Rxc8 35.Rd5 bxc2+ 36.Kxc2 Bf8
37.b4 a5 38.Kb3 axb4 39.Bxf8 Rxf8 40.Kxb4 Rb8+ 41.Rb5 Rd8 42.a5 Rd4+ 43.Kc5 Ra4
44.Kb6 Ra2 45.a6 Kg6 46.a7 1-0

[Event "XXXIV Open Internacional de Barbera del Valles - G
[Site "Barbera del Valles (Spain)"]
[Date "2011.07.08"]
[Round "5"]
[Board "1"]
[White "BAS MAS, Jose Joaquin"]
[Black "AMORES GAGO, Javier"]
[Result "1-0"]
[WhiteElo "2194"]
[BlackElo "2041"]
[PlyCount "61"]
[EventDate "2011.07.04"]
[EventRounds "9"]
[EventCountry "ESP"]

1.e4 e6 2.d4 d5 3.Nd2 dxe4 4.Nxe4 Nd7 5.Nf3 Ngf6 6.Nxf6+ Nxf6 7.Bd3 Be7 8.O-O
O-O 9.Qe2 b6 10.Bf4 Bb7 11.Rad1 Qc8 12.c4 Re8 13.Be5 c5 14.Ng5 h6 15.Ne4 Nxe4
16.Bxe4 Bxe4 17.Qxe4 f6 18.Bf4 cxd4 19.Qg6 e5 20.Bxh6 Bf8 21.Rd3 Qxc4 22.Rg3 Qf7
23.Qf5 g5 24.Bxf8 Kxf8 25.h4 gxh4 26.Rg6 Ke7 27.f4 Qe6 28.Qe4 exf4 29.Rg7+ Kd6
30.Qxd4+ Qd5 31.Rd7+ 1-0

[Event "XXXIV Open Internacional de Barbera del Valles - G
[Site "Barbera del Valles (Spain)"]
[Date "2011.07.08"]
[Round "5"]
[Board "1"]
[White "SANCHEZ DENGRA, Jose Maria"]
[Black "SUBIRATS RUIZ, Sergi"]
[Result "1-0"]
[WhiteElo "1986"]
[BlackElo "2179"]
[PlyCount "87"]
[EventDate "2011.07.04"]
[EventRounds "9"]
[EventCountry "ESP"]

1.e4 e5 2.Nf3 Nc6 3.Bb5 a6 4.Ba4 Nf6 5.O-O b5 6.Bb3 Bc5 7.a4 Rb8 8.axb5 axb5
9.Nxe5 Nxe5 10.d4 Bxd4 11.Qxd4 d6 12.f4 Nc6 13.Qc3 Ne7 14.e5 Ne4 15.Qe1 Bb7
16.e6 f5 17.Nc3 O-O 18.Nxb5 c5 19.Nc3 Rf6 20.Nxe4 Bxe4 21.Be3 Qc7 22.Qa5 Rg6
23.g3 Qc8 24.Qa6 Qc7 25.Rfd1 Rd8 26.Qa7 Bb7 27.Ra6 c4 28.Rb6 Rb8 29.Bxc4 Qxc4
30.Qxb8+ Bc8 31.Rdxd6 h5 32.Rbc6 Qe2 33.Rxc8+ Nxc8 34.Qxc8+ Kh7 35.Bf2 h4 36.Qc3
hxg3 37.Bxg3 Qe4 38.Qd4 Qe1+ 39.Kg2 Qe2+ 40.Qf2 Qe4+ 41.Kg1 Rg4 42.b3 g5 43.h3
gxf4 44.hxg4 1-0

[Event "XXXIV Open Internacional de Barbera del Valles - G
[Site "Barbera del Valles (Spain)"]
[Date "2011.07.08"]
[Round "5"]
[Board "1"]
[White "TRUJILLO, Villega Pablo Adrian"]
[Black "GUIX TORRES, David"]
[Result "1-0"]
[WhiteElo "2173"]
[BlackElo "2019"]
[PlyCount "51"]
[EventDate "2011.07.04"]
[EventRounds "9"]
[EventCountry "ESP"]

1.e4 e5 2.Nf3 Nc6 3.d4 exd4 4.Nxd4 Nf6 5.Nxc6 bxc6 6.Bd3 d5 7.e5 Ng4 8.O-O Qh4
9.h3 h5 10.Nd2 Bc5 11.Qe2 Qg3 12.Nf3 Be6 13.b4 Bb6 14.a4 a6 15.a5 Ba7 16.c3 Kd7
17.Ra2 Raf8 18.Kh1 Nxf2+ 19.Rxf2 Bxf2 20.Qxf2 Qxf2 21.Rxf2 f6 22.Bxa6 fxe5
23.Nxe5+ Kd6 24.Nf3 Rf7 25.Be3 Bc8 26.Bc5+ 1-0

[Event "XXXIV Open Internacional de Barbera del Valles - G
[Site "Barbera del Valles (Spain)"]
[Date "2011.07.08"]
[Round "5"]
[Board "1"]
[White "MARTIN CAPITAN, Feliciano"]
[Black "THOMPSON, Ian D"]
[Result "1-0"]
[WhiteElo "2133"]
[BlackElo "2274"]
[PlyCount "101"]
[EventDate "2011.07.04"]
[EventRounds "9"]
[EventCountry "ESP"]

1.e4 e6 2.d4 d5 3.exd5 exd5 4.Bd3 Nc6 5.c3 Bd6 6.Ne2 Nge7 7.Nd2 O-O 8.Qc2 Ng6
9.Nf3 Bg4 10.Be3 Nce7 11.h4 Bxf3 12.gxf3 f5 13.h5 Nh8 14.O-O-O Qd7 15.Rdg1 b6
16.Rg2 Rf7 17.Rhg1 c5 18.Qd2 f4 19.Nxf4 cxd4 20.Bxd4 Rxf4 21.Rxg7+ Kf8 22.Rxh7
Nf7 23.Rgg7 Nf5 24.Rh8+ Ke7 25.Qe2+ Re4 26.Bxe4 Nxd4 27.Rxf7+ Kxf7 28.Rh7+ Kf8
29.cxd4 Rc8+ 30.Kb1 Bf4 31.Rh8+ Kg7 32.Rxc8 Qxc8 33.Bc2 Qd8 34.Qd3 Qg5 35.Qh7+
Kf6 36.a3 a5 37.Qh8+ Ke7 38.Bg6 Qg1+ 39.Ka2 Qc1 40.Qg7+ Kd6 41.Qf6+ Kc7 42.Qe7+
Kb8 43.Qd8+ Ka7 44.Qxd5 Qc7 45.Be4 Qb8 46.a4 Bd2 47.Qd7+ Ka6 48.Bd3+ b5 49.axb5+
Kb6 50.Qc6+ Ka7 51.Qa6# 1-0

[Event "XXXIV Open Internacional de Barbera del Valles - G
[Site "Barbera del Valles (Spain)"]
[Date "2011.07.08"]
[Round "5"]
[Board "1"]
[White "BALAGUE CAMPS, Marc"]
[Black "PHADKE, Sohan"]
[Result "0-1"]
[WhiteElo "2119"]
[BlackElo "2252"]
[PlyCount "72"]
[EventDate "2011.07.04"]
[EventRounds "9"]
[EventCountry "ESP"]

1.Nf3 c5 2.c4 Nc6 3.Nc3 e5 4.g3 g6 5.Bg2 Bg7 6.O-O Nge7 7.d3 d6 8.a3 a5 9.Ne1
Be6 10.Nc2 d5 11.cxd5 Nxd5 12.Ne3 Nde7 13.Ne4 b6 14.Ng5 Bd7 15.Nc4 O-O 16.Nf3
Be6 17.Qc2 Rc8 18.e3 Bf5 19.Ne1 b5 20.Nd2 a4 21.Ne4 Na5 22.Rb1 Nb3 23.Qe2 Qd7
24.Bd2 Rfd8 25.Rd1 h6 26.f3 h5 27.Nf2 Nxd2 28.Rxd2 b4 29.g4 hxg4 30.fxg4 Be6
31.h3 c4 32.axb4 Qb5 33.Be4 Qxb4 34.Nd1 cxd3 35.Nxd3 Qxe4 36.Nc3 Qc4 0-1

[Event "XXXIV Open Internacional de Barbera del Valles - G
[Site "Barbera del Valles (Spain)"]
[Date "2011.07.08"]
[Round "5"]
[Board "1"]
[White "NAVARRETE ESPI, Samuel"]
[Black "VAN DER VEEN, Ronald"]
[Result "1-0"]
[WhiteElo "2169"]
[BlackElo "2034"]
[PlyCount "143"]
[EventDate "2011.07.04"]
[EventRounds "9"]
[EventCountry "ESP"]

1.e4 c6 2.d4 d5 3.Nc3 dxe4 4.Nxe4 Bf5 5.Ng3 Bg6 6.h4 h6 7.h5 Bh7 8.Nf3 e6 9.Bd3
Bxd3 10.Qxd3 Nf6 11.Bd2 Be7 12.O-O-O Nbd7 13.Kb1 Qc7 14.Qe2 O-O-O 15.Ne5 Nxe5
16.dxe5 Nd5 17.f4 Rd7 18.Ne4 Rhd8 19.c4 Nb6 20.c5 Nd5 21.Nd6+ Kb8 22.f5 exf5
23.Nxf7 Re8 24.e6 Bf6 25.Nd6 Rxd6 26.cxd6 Qxd6 27.Rhe1 Qc5 28.Rc1 Qd4 29.Bc3
Nxc3+ 30.Rxc3 Qe4+ 31.Qxe4 fxe4 32.Rce3 Rxe6 33.Rxe4 Rd6 34.Kc2 Rd5 35.g4 Kc7
36.b3 a5 37.Rd1 Rc5+ 38.Kd3 Rc3+ 39.Ke2 Rh3 40.Rf4 b5 41.Rd3 Rh2+ 42.Rf2 Rxf2+
43.Kxf2 c5 44.Ke3 Kc6 45.Rd1 a4 46.Rf1 c4 47.bxc4 bxc4 48.Rf5 a3 49.g5 Bxg5+
50.Kd4 Kd6 51.Ra5 Bc1 52.Ra6+ Ke7 53.Kxc4 Kf7 54.Kd5 Bb2 55.Ke4 Ke7 56.Kf5 Kf7
57.Ra7+ Ke8 58.Ke6 Kd8 59.Kf7 Kc8 60.Ke7 Kb8 61.Ra4 Kc7 62.Rc4+ Kb6 63.Kd6 Kb5
64.Rg4 Bf6 65.Rg3 Kb4 66.Rb3+ Kc4 67.Rxa3 Kb4 68.Ra7 Bd4 69.Ra8 Kb5 70.Ke6 Kc6
71.Kf5 Kd6 72.Rd8+ 1-0

[Event "XXXIV Open Internacional de Barbera del Valles - G
[Site "Barbera del Valles (Spain)"]
[Date "2011.07.08"]
[Round "5"]
[Board "1"]
[White "LUNA CORTES, Luis"]
[Black "POZANCO ROMASANTA, Marc"]
[Result "1/2-1/2"]
[WhiteElo "2143"]
[BlackElo "1916"]
[PlyCount "129"]
[EventDate "2011.07.04"]
[EventRounds "9"]
[EventCountry "ESP"]

1.Nf3 d5 2.d4 Nf6 3.g3 e6 4.Bg2 c5 5.c3 Nc6 6.O-O Be7 7.b3 O-O 8.Bb2 b6 9.Nbd2
Bb7 10.Ne5 Nxe5 11.dxe5 Ng4 12.c4 Qc7 13.e4 Nxe5 14.cxd5 exd5 15.exd5 Rad8
16.Nc4 Ng6 17.Ne3 Bd6 18.f4 Nxf4 19.gxf4 Bxf4 20.Nf5 Bxh2+ 21.Kh1 f6 22.Qh5 Bd6
23.Nxd6 Rxd6 24.Qf5 Qf7 25.Rad1 Rfd8 26.Rfe1 Qd7 27.Qxd7 R6xd7 28.Kg1 Kf8 29.Be4
h6 30.Kf2 Bxd5 31.Bxd5 Rxd5 32.Rxd5 Rxd5 33.Ke3 Kf7 34.Re2 a5 35.Kf3 b5 36.Rc2
a4 37.bxa4 bxa4 38.Bc1 g5 39.Be3 Rd3 40.Ke2 c4 41.Rxc4 Ra3 42.Rc2 h5 43.Bc5 Rh3
44.Kf1 g4 45.Rc4 a3 46.Ra4 Rf3+ 47.Kg1 Rd3 48.Bxa3 Rd1+ 49.Kf2 Rd2+ 50.Kg3 Rxa2
51.Ra7+ Kg6 52.Bc5 Rc2 53.Bd4 Rd2 54.Be3 Rd3 55.Re7 Kf5 56.Re8 Rd1 57.Ra8 Rf1
58.Bf2 Rh1 59.Ra5+ Kg6 60.Kg2 Rd1 61.Rb5 Rd3 62.Ra5 Rh3 63.Bg3 f5 64.Bf4 Rf3
65.Ra6+ 1/2-1/2

[Event "XXXIV Open Internacional de Barbera del Valles - G
[Site "Barbera del Valles (Spain)"]
[Date "2011.07.08"]
[Round "5"]
[Board "1"]
[White "DURAN, Reinaldo"]
[Black "MINGARRO CARCELLER, Sergi"]
[Result "1-0"]
[WhiteElo "2098"]
[BlackElo "2069"]
[PlyCount "75"]
[EventDate "2011.07.04"]
[EventRounds "9"]
[EventCountry "ESP"]

1.e4 e6 2.d4 d5 3.Nc3 Nf6 4.e5 Nfd7 5.f4 c5 6.Nf3 Nc6 7.Be3 a6 8.Qd2 b5 9.a3 Bb7
10.Ne2 Qb6 11.dxc5 Bxc5 12.Ned4 b4 13.axb4 Nxb4 14.c3 a5 15.Be2 Ba6 16.O-O Nc6
17.Bf2 Bxe2 18.Qxe2 O-O 19.Rad1 Ne7 20.g4 Bxd4 21.Nxd4 Qc7 22.Bg3 Qb6 23.f5 Nc5
24.f6 Ng6 25.fxg7 Rfb8 26.Qf3 Ra7 27.h4 Ne4 28.h5 Nxg3 29.Qxg3 Ne7 30.Qf2 Nc8
31.Qf6 Rd7 32.Rf2 Na7 33.h6 Nc6 34.Nxe6 Qb3 35.Rdf1 Qc4 36.Ng5 Qxg4+ 37.Rg2 Qh5
38.Qf5 1-0

[Event "XXXIV Open Internacional de Barbera del Valles - G
[Site "Barbera del Valles (Spain)"]
[Date "2011.07.08"]
[Round "5"]
[Board "1"]
[White "RIDAMEYA TATCHE, Jose Miguel"]
[Black "AMRUTHA, Mokal"]
[Result "1/2-1/2"]
[WhiteElo "2072"]
[BlackElo "2042"]
[PlyCount "47"]
[EventDate "2011.07.04"]
[EventRounds "9"]
[EventCountry "ESP"]

1.e4 c5 2.Nf3 e6 3.b4 cxb4 4.d4 d5 5.e5 Nc6 6.Bd3 Nge7 7.a3 Nf5 8.axb4 Nfxd4
9.Nxd4 Nxd4 10.Bb2 Nf5 11.c3 Be7 12.O-O O-O 13.Nd2 f6 14.Nf3 fxe5 15.Nxe5 Bd6
16.Qe2 Qh4 17.f4 b6 18.Rae1 a5 19.g3 Qh3 20.Rf3 Ne7 21.Qf2 axb4 22.Qxb6 Bb8
23.Kh1 bxc3 24.Bxc3 1/2-1/2

[Event "XXXIV Open Internacional de Barbera del Valles - G
[Site "Barbera del Valles (Spain)"]
[Date "2011.07.08"]
[Round "5"]
[Board "1"]
[White "LOSADA CARRERA, Francisco Javie"]
[Black "GEORGIEVA, Emilia"]
[Result "1-0"]
[WhiteElo "2231"]
[BlackElo "1975"]
[PlyCount "93"]
[EventDate "2011.07.04"]
[EventRounds "9"]
[EventCountry "ESP"]

1.e4 c6 2.d4 d5 3.f3 e6 4.e5 c5 5.f4 Nc6 6.Nf3 b6 7.c3 g6 8.Bd3 Nge7 9.O-O h5
10.Be3 c4 11.Bc2 Nf5 12.Bf2 Be7 13.Nbd2 Bb7 14.Qe1 b5 15.Bxf5 gxf5 16.Bh4 Bxh4
17.Nxh4 Qe7 18.Nhf3 O-O-O 19.Ng5 Rdg8 20.Rf3 Nd8 21.Qe2 Rg6 22.Rh3 Rgh6 23.Re1
Bc6 24.Rh4 Bd7 25.Nf1 b4 26.Rh3 a5 27.b3 Bb5 28.Nd2 Kb8 29.Rc1 f6 30.bxc4 fxg5
31.fxg5 Bxc4 32.Nxc4 Qxg5 33.Nd2 Nb7 34.cxb4 axb4 35.Rb3 Rg8 36.Rxb4 Rh7 37.Rcb1
h4 38.h3 Rhg7 39.Kh1 f4 40.Nf3 Qg3 41.Ne1 Qc3 42.Qa6 Qc8 43.Nd3 f3 44.Qd6+ Rc7
45.Nc5 f2 46.Rxb7+ Qxb7 47.Rxb7+ 1-0

[Event "XXXIV Open Internacional de Barbera del Valles - G
[Site "Barbera del Valles (Spain)"]
[Date "2011.07.09"]
[Round "6"]
[Board "1"]
[White "HERNANDEZ CARMENATES, Holden"]
[Black "PERALTA, Fernando"]
[Result "0-1"]
[WhiteElo "2570"]
[BlackElo "2601"]
[PlyCount "78"]
[EventDate "2011.07.04"]
[EventRounds "9"]
[EventCountry "ESP"]

1.d4 d5 2.c4 e6 3.Nc3 Bb4 4.Nf3 Nf6 5.cxd5 exd5 6.Bg5 Nbd7 7.Qc2 c5 8.dxc5 h6
9.Bd2 O-O 10.e3 Re8 11.Bb5 Bxc5 12.O-O Bd6 13.Ba4 a6 14.Ne2 b5 15.Qc6 Nb6 16.Ba5
Rb8 17.Bb3 Qe7 18.Bxb6 Bd7 19.Qc2 Rxb6 20.Nc3 Be6 21.Rfd1 Rd8 22.Nd4 Bg4 23.Re1
Bb8 24.h3 Bh5 25.Nf5 Qc7 26.f4 Re6 27.g4 Bg6 28.Rad1 Bxf5 29.Qxf5 Ba7 30.Nxd5
Nxd5 31.Rxd5 Rxd5 32.Bxd5 Rxe3 33.Rxe3 Bxe3+ 34.Kg2 Bxf4 35.h4 Kf8 36.b3 g6
37.Qf6 Be5 38.Qc6 Qe7 39.h5 Qh4 0-1

[Event "XXXIV Open Internacional de Barbera del Valles - G
[Site "Barbera del Valles (Spain)"]
[Date "2011.07.09"]
[Round "6"]
[Board "1"]
[White "BACALLAO ALONSO, Yusnel"]
[Black "ITURRIZAGA, Eduardo"]
[Result "1/2-1/2"]
[WhiteElo "2532"]
[BlackElo "2603"]
[PlyCount "55"]
[EventDate "2011.07.04"]
[EventRounds "9"]
[EventCountry "ESP"]

1.Nf3 g6 2.d4 Nf6 3.Bg5 Bg7 4.Nbd2 c5 5.Bxf6 Bxf6 6.Ne4 Qb6 7.Nxf6+ Qxf6 8.c3 d6
9.g3 Bf5 10.Bg2 Be4 11.Qa4+ Bc6 12.Qb3 cxd4 13.cxd4 Nd7 14.O-O O-O 15.d5 Nc5
16.Qd1 Bd7 17.Nd4 Qe5 18.Rc1 Rfc8 19.Rc3 Na4 20.Re3 Qf6 21.Qd2 Rc4 22.Rd1 Rac8
23.h4 R4c5 24.Rf3 Qg7 25.Re3 Qf6 26.Rf3 Qg7 27.Re3 Qf6 28.Rf3 1/2-1/2

[Event "XXXIV Open Internacional de Barbera del Valles - G
[Site "Barbera del Valles (Spain)"]
[Date "2011.07.09"]
[Round "6"]
[Board "1"]
[White "GONZALEZ GARCIA, Jose"]
[Black "LEON HOYOS, Manuel"]
[Result "1/2-1/2"]
[WhiteElo "2522"]
[BlackElo "2548"]
[PlyCount "70"]
[EventDate "2011.07.04"]
[EventRounds "9"]
[EventCountry "ESP"]

1.Nf3 c5 2.c4 g6 3.d4 cxd4 4.Nxd4 Nc6 5.e4 Nf6 6.Nc3 d6 7.Be2 Nxd4 8.Qxd4 Bg7
9.Be3 O-O 10.Qd2 Qa5 11.O-O Be6 12.Rfc1 Nxe4 13.Nxe4 Qxd2 14.Nxd2 Bxb2 15.Bf3
Rab8 16.Bxa7 Ra8 17.Be3 Bxc1 18.Rxc1 Rxa2 19.h3 Rfa8 20.Bxb7 Ra1 21.Rxa1 Rxa1+
22.Kh2 Ra4 23.c5 dxc5 24.Bxc5 Ra5 25.Be3 Bd5 26.Bxd5 Rxd5 27.g4 f6 28.Kg2 h5
29.Ne4 hxg4 30.hxg4 Kf7 31.f4 Ra5 32.Kf3 Ra3 33.Ng3 Ra5 34.Ne4 Ra3 35.Ng3 Ra5 1/2-1/2

[Event "XXXIV Open Internacional de Barbera del Valles - G
[Site "Barbera del Valles (Spain)"]
[Date "2011.07.09"]
[Round "6"]
[Board "1"]
[White "GONZALEZ PEREZ, Arian"]
[Black "NARCISO DUBLAN, Marc"]
[Result "1/2-1/2"]
[WhiteElo "2490"]
[BlackElo "2544"]
[PlyCount "84"]
[EventDate "2011.07.04"]
[EventRounds "9"]
[EventCountry "ESP"]

1.d4 Nf6 2.c4 e6 3.Nf3 Bb4+ 4.Nbd2 b6 5.a3 Bxd2+ 6.Bxd2 Bb7 7.Bg5 d6 8.e3 Nbd7
9.Bd3 h6 10.Bh4 g5 11.Bg3 h5 12.h4 g4 13.Ng5 Bxg2 14.Rg1 Bb7 15.Qa4 Qe7 16.O-O-O
a6 17.Kb1 Kf8 18.Qc2 Rg8 19.Rdf1 Rg7 20.f3 gxf3 21.Nxf3 Ng4 22.Bf4 Kg8 23.Nh2 f5
24.Nxg4 Rxg4 25.d5 Rf8 26.Bh6 Rf7 27.Bg5 Qe8 28.e4 fxe4 29.Bxe4 Ne5 30.Ka2 exd5
31.Bg6 Rxf1 32.Bh7+ Kg7 33.Rxf1 Rxg5 34.hxg5 dxc4 35.Be4 Bxe4 36.Qxe4 Qe6 37.Rf6
Qh3 38.Qb7 Qb3+ 39.Ka1 Qd1+ 40.Ka2 Qb3+ 41.Ka1 Qd1+ 42.Ka2 Qb3+ 1/2-1/2

[Event "XXXIV Open Internacional de Barbera del Valles - G
[Site "Barbera del Valles (Spain)"]
[Date "2011.07.09"]
[Round "6"]
[Board "1"]
[White "AROSHIDZE, Levan"]
[Black "MATNADZE, Ana"]
[Result "1-0"]
[WhiteElo "2539"]
[BlackElo "2428"]
[PlyCount "123"]
[EventDate "2011.07.04"]
[EventRounds "9"]
[EventCountry "ESP"]

1.e4 c5 2.Nf3 d6 3.d4 cxd4 4.Nxd4 Nf6 5.Nc3 Nc6 6.Bg5 e6 7.Qd2 Qb6 8.Nb3 a6
9.O-O-O Qc7 10.Kb1 b5 11.Bxf6 gxf6 12.f4 Rg8 13.g3 Bb7 14.Bh3 b4 15.Ne2 a5
16.Rhe1 a4 17.Nbd4 a3 18.b3 Rd8 19.Nxc6 Qxc6 20.Qxb4 d5 21.Qd2 Qb6 22.exd5 Rxd5
23.Nd4 Bc5 24.c3 Ke7 25.Bg2 Rxd4 26.cxd4 Bb4 27.Qe2 Bxg2 28.Qxg2 Bxe1 29.Rxe1
Qxd4 30.Rc1 Rd8 31.Qe2 Rd5 32.Rc4 Qg1+ 33.Rc1 Qb6 34.Qc2 Qd4 35.Qc3 Qe4+ 36.Qc2
f5 37.Qxe4 fxe4 38.Kc2 f5 39.Re1 Rd3 40.Rd1 Rd5 41.Re1 h5 42.Re3 Kd6 43.b4 Rd4
44.Kb3 Rd2 45.Kxa3 Kd5 46.Rb3 Kd4 47.b5 e3 48.Rb4+ Kc5 49.Rb1 e2 50.Re1 Kd4
51.Kb3 Kd3 52.a4 Rd1 53.Rxe2 Kxe2 54.Kb4 Rd4+ 55.Ka5 Kd3 56.b6 Kc4 57.b7 Rd8
58.Kb6 Kb4 59.a5 Rd5 60.a6 Rb5+ 61.Kc7 Rc5+ 62.Kd6 1-0

[Event "XXXIV Open Internacional de Barbera del Valles - G
[Site "Barbera del Valles (Spain)"]
[Date "2011.07.09"]
[Round "6"]
[Board "1"]
[White "CARSTENSEN, Jacob"]
[Black "GEORGIEV, Kiril"]
[Result "0-1"]
[WhiteElo "2391"]
[BlackElo "2654"]
[PlyCount "114"]
[EventDate "2011.07.04"]
[EventRounds "9"]
[EventCountry "ESP"]

1.d4 Nf6 2.c4 b6 3.Nf3 Bb7 4.g3 Bxf3 5.exf3 e6 6.Bg2 c6 7.O-O d5 8.b3 Be7 9.Bb2
O-O 10.f4 Nbd7 11.Nc3 g6 12.g4 Qc7 13.Qf3 Bd6 14.Bc1 Rac8 15.h3 h5 16.cxd5 cxd5
17.Nb5 Qb8 18.Nxd6 Qxd6 19.gxh5 Nxh5 20.f5 exf5 21.Qxd5 Qxd5 22.Bxd5 Rc3 23.Bg2
Ndf6 24.Rd1 Ne4 25.d5 Rd8 26.Be3 Rc2 27.Bxe4 fxe4 28.Rd4 f5 29.Bg5 Rd7 30.a4 Rc3
31.Rad1 Kf7 32.b4 Rxh3 33.Rc4 Nf6 34.d6 Ke6 35.Kg2 Rd3 36.Rxd3 exd3 37.f3 Nd5
38.Bd2 Kxd6 39.Rd4 Ke6 40.Kf2 Ne7 41.Ke3 Rxd4 42.Kxd4 Nc6+ 43.Kxd3 Ne5+ 44.Ke2
Kd5 45.Bc3 a6 46.Ke3 g5 47.Ke2 Nd7 48.Bd2 Kc4 49.a5 b5 50.Bxg5 Kxb4 51.Bd2+ Kc4
52.Ke3 b4 53.Kf4 b3 54.Bc1 Nc5 55.Kxf5 Nd3 56.Ba3 Kb5 57.Ke4 Ka4 0-1

[Event "XXXIV Open Internacional de Barbera del Valles - G
[Site "Barbera del Valles (Spain)"]
[Date "2011.07.09"]
[Round "6"]
[Board "1"]
[White "BRYNELL, Stellan"]
[Black "VEHI BACH, Victor Manuel"]
[Result "1/2-1/2"]
[WhiteElo "2495"]
[BlackElo "2403"]
[PlyCount "71"]
[EventDate "2011.07.04"]
[EventRounds "9"]
[EventCountry "ESP"]

1.d4 Nf6 2.c4 e6 3.Nf3 d5 4.Bg5 Bb4+ 5.Nbd2 dxc4 6.Qc2 b5 7.a4 c6 8.Bxf6 gxf6
9.g3 Bb7 10.Bg2 a6 11.O-O Nd7 12.b3 cxb3 13.Nxb3 Nb6 14.a5 Nc4 15.Ne1 Bxa5
16.Nxa5 Nxa5 17.Nd3 Nc4 18.Nc5 Qe7 19.Rfb1 Ra7 20.Nxb7 Qxb7 21.Qxc4 bxc4 22.Rxb7
Rxb7 23.Bxc6+ Rd7 24.Rxa6 Ke7 25.Bxd7 Kxd7 26.Kf1 Rb8 27.Ke1 Rb1+ 28.Kd2 Rb2+
29.Kc3 Rxe2 30.Ra7+ Kd6 31.Rxf7 Rxf2 32.Rxh7 Kd5 33.Rd7+ Kc6 34.Rh7 Kd5 35.Rd7+
Kc6 36.Rh7 1/2-1/2

[Event "XXXIV Open Internacional de Barbera del Valles - G
[Site "Barbera del Valles (Spain)"]
[Date "2011.07.09"]
[Round "6"]
[Board "1"]
[White "DELGADO RAMOS, Hector"]
[Black "RYAN, Joseph"]
[Result "1-0"]
[WhiteElo "2488"]
[BlackElo "2267"]
[PlyCount "61"]
[EventDate "2011.07.04"]
[EventRounds "9"]
[EventCountry "ESP"]

1.d4 e6 2.Nf3 d5 3.Bf4 c5 4.e3 Nc6 5.c3 Bd6 6.Bg3 Nf6 7.Nbd2 Qe7 8.Ne5 Nd7 9.f4
f5 10.Bb5 Bxe5 11.fxe5 O-O 12.Nf3 a6 13.Bd3 c4 14.Bc2 b5 15.O-O Nb6 16.Bf4 b4
17.g4 Bd7 18.gxf5 exf5 19.Kh1 a5 20.Rg1 Kh8 21.Ng5 Be8 22.Qf3 Bg6 23.Qh3 a4
24.a3 bxc3 25.bxc3 Na5 26.Rg2 Ra7 27.Nf3 Qe8 28.Nh4 Kg8 29.Rag1 Rff7 30.Rxg6
hxg6 31.Nxg6 1-0

[Event "XXXIV Open Internacional de Barbera del Valles - G
[Site "Barbera del Valles (Spain)"]
[Date "2011.07.09"]
[Round "6"]
[Board "1"]
[White "SANCHEZ IBERN, Marc"]
[Black "CUARTAS, Jaime Alexander"]
[Result "0-1"]
[WhiteElo "2327"]
[BlackElo "2542"]
[PlyCount "90"]
[EventDate "2011.07.04"]
[EventRounds "9"]
[EventCountry "ESP"]

1.e4 c6 2.d4 d5 3.Nc3 dxe4 4.Nxe4 Nf6 5.Nxf6+ gxf6 6.c3 Bf5 7.Nf3 e6 8.g3 Bd6
9.Bg2 Nd7 10.O-O Qc7 11.a4 Bg6 12.Re1 O-O 13.Nh4 Rfe8 14.a5 Rad8 15.Nxg6 hxg6
16.Qf3 a6 17.b4 e5 18.d5 c5 19.bxc5 Qxc5 20.Ba3 Qc7 21.Bxd6 Qxd6 22.Rab1 Rb8
23.Rb4 f5 24.Reb1 e4 25.Qd1 b5 26.axb6 Rxb6 27.Rxb6 Nxb6 28.Qd4 Nd7 29.c4 Rc8
30.f3 Ne5 31.fxe4 Rxc4 32.Qa7 fxe4 33.Qb8+ Qxb8 34.Rxb8+ Kg7 35.d6 Rd4 36.Rb6 a5
37.Rb5 Nc4 38.d7 Rd1+ 39.Kf2 Rd2+ 40.Kg1 Rxd7 41.Bxe4 Rd1+ 42.Kg2 Nd6 43.Rd5
Rxd5 44.Bxd5 a4 45.Kf3 Nb5 0-1

[Event "XXXIV Open Internacional de Barbera del Valles - G
[Site "Barbera del Valles (Spain)"]
[Date "2011.07.09"]
[Round "6"]
[Board "1"]
[White "IBARRA JEREZ, Jose Carlos"]
[Black "THAKUR, Akash"]
[Result "1-0"]
[WhiteElo "2530"]
[BlackElo "2327"]
[PlyCount "55"]
[EventDate "2011.07.04"]
[EventRounds "9"]
[EventCountry "ESP"]

1.e4 e5 2.Nf3 Nc6 3.Bb5 a6 4.Bxc6 dxc6 5.O-O Bg4 6.h3 Bxf3 7.Qxf3 Qd7 8.Qc3 f6
9.d3 g5 10.Bxg5 O-O-O 11.Be3 Nh6 12.f4 exf4 13.Bxf4 Rg8 14.Rf3 b6 15.Nd2 Bc5+
16.Kh1 Ng4 17.Nb3 Nf2+ 18.Kh2 Rxg2+ 19.Kxg2 Rg8+ 20.Kf1 Nxh3 21.d4 Qg4 22.Qe3
Qg2+ 23.Ke1 Nxf4 24.Qxf4 Bb4+ 25.c3 Qxb2 26.cxb4 Rg1+ 27.Rf1 Rg2 28.Qe3 1-0

[Event "XXXIV Open Internacional de Barbera del Valles - G
[Site "Barbera del Valles (Spain)"]
[Date "2011.07.09"]
[Round "6"]
[Board "1"]
[White "ASIS GARGATAGLI, Hipolit"]
[Black "COLON GARCIA, Enrique"]
[Result "1/2-1/2"]
[WhiteElo "2431"]
[BlackElo "2276"]
[PlyCount "146"]
[EventDate "2011.07.04"]
[EventRounds "9"]
[EventCountry "ESP"]

1.e4 c5 2.Nf3 d6 3.d4 cxd4 4.Nxd4 Nf6 5.Nc3 a6 6.Bg5 e6 7.f4 h6 8.Bh4 Be7 9.Qf3
Nbd7 10.O-O-O Qc7 11.Bd3 g5 12.fxg5 Ne5 13.Qe2 Nfg4 14.Nf3 hxg5 15.Bg3 b5 16.h3
Nxd3+ 17.Qxd3 Ne5 18.Nxe5 dxe5 19.Kb1 f6 20.h4 g4 21.Qe2 b4 22.Qxg4 Kf7 23.Ne2
a5 24.Nd4 Bd7 25.Rhf1 Rag8 26.Qh3 a4 27.Nf3 Ke8 28.Be1 Qc4 29.Nd2 Qe2 30.Bf2 Kf7
31.Nf3 Ke8 32.Rde1 Qa6 33.Nd2 Bb5 34.Rg1 Kd8 35.Qe3 Kc8 36.g4 Kb8 37.g5 fxg5
38.hxg5 Rc8 39.g6 Rhg8 40.g7 Rc7 41.Qb6+ Qxb6 42.Bxb6 Rb7 43.Be3 Bh4 44.Rc1
Rbxg7 45.Rxg7 Rxg7 46.Bc5 Be7 47.Bxe7 Rxe7 48.Nf3 Bc6 49.Re1 Rg7 50.Kc1 Kc7
51.Nxe5 Rg5 52.Nxc6 Kxc6 53.Kd2 Rg2+ 54.Re2 Rg1 55.c3 a3 56.bxa3 bxa3 57.Kc2 Kc5
58.Kb3 Rg3 59.Rd2 Re3 60.Rd4 Kb5 61.Rb4+ Kc5 62.Rb8 e5 63.Rb4 Kc6 64.Rc4+ Kb5
65.Rc8 Rxe4 66.Kxa3 Re1 67.Kb3 e4 68.a4+ Kb6 69.Re8 e3 70.Kc4 e2 71.Re6+ Kc7
72.Kc5 Rc1 73.Rxe2 Rxc3+ 1/2-1/2

[Event "XXXIV Open Internacional de Barbera del Valles - G
[Site "Barbera del Valles (Spain)"]
[Date "2011.07.09"]
[Round "6"]
[Board "1"]
[White "GARCIA ROMAN, Daniel"]
[Black "SILVA RODRIGUEZ, Julio"]
[Result "1-0"]
[WhiteElo "2427"]
[BlackElo "2133"]
[PlyCount "63"]
[EventDate "2011.07.04"]
[EventRounds "9"]
[EventCountry "ESP"]

1.d4 d5 2.c4 c6 3.e3 Nf6 4.Nf3 Bg4 5.Nc3 e6 6.Qb3 Qb6 7.Nh4 Be7 8.h3 Bh5 9.g4
Bg6 10.c5 Qc7 11.g5 Ne4 12.Nxg6 hxg6 13.Nxe4 dxe4 14.Bg2 Bxg5 15.Bxe4 Nd7 16.Bd2
e5 17.Rg1 Bf6 18.Qc4 exd4 19.exd4 O-O-O 20.O-O-O Rxh3 21.Be3 Rh4 22.f3 Nf8
23.Rg2 Ne6 24.Bxg6 Nxd4 25.Bxf7 Ne2+ 26.Qxe2 Rxd1+ 27.Qxd1 Qxf7 28.Kb1 Qd7
29.Qxd7+ Kxd7 30.Bg5 Rh1+ 31.Kc2 Bd4 32.Rd2 1-0